000 00884nmm a2200277 a 4500
001 ocm000587285
003 TR-IsHL
005 20201028122655.0
008 110704s2003 tu tur
007 cr cn
020 _a9789756993118
035 _a587285
_b(N$T)
050 0 4 _aTA350.5
_b.O38 2003
090 0 4 _aTA350.5
_b.O38 2003
100 1 _aOğuz, Sacit
245 1 0 _aTeknik mekanik 1: statik
_h[electronic resource] /
_cSacit Oğuz
250 _a1. bs.
260 _aBalıkesir :
_bBalıkesir Üniversitesi Yayınları,
_c2003
300 _a270 p.
650 4 _aMühendislik ve Teknoloji
650 4 _aEngineering and Technology
650 0 _aStatik
_x Mühendislik
650 0 _aStatic
_x Engineering
650 7 _aSCIENCE / Mechanics / Statics
_2bisacsh
856 4 0 _uhttp://search.ebscohost.com/login.aspx?direct=true&scope=site&db=e011xww&AN=587285
999 _c1995
_d1995